000
00188 a2200097 4500
020
_a
9780316228589
041
_a
eng
100
_a
Rowling J.K.
245
_a
The casual vacancy
942
_c
BK
999
_c
10893
_d
10893